| 000 | 00937cam a2200253 a 4500 | ||
|---|---|---|---|
| 999 |
_c3772 _d3772 |
||
| 003 | ALUPE UNIVERSITY COLLEGE | ||
| 005 | 20220209132752.0 | ||
| 008 | 840308s1984 enka b 001 0 eng | ||
| 020 | _a0521267188 | ||
| 020 | _a0521318327 (pbk.) | ||
| 040 | _cALUPE UNIVERSITY COLLEGE | ||
| 043 | _an-us--- | ||
| 050 | 0 | 0 |
_aR856 _b.M284 1984 |
| 245 | 0 | 4 |
_aThe Machine at the bedside : _bstrategies for using technology in patient care / _cedited by Stanley Joel Reiser, Michael Anbar. |
| 260 |
_aCambridge [Cambridgeshire] ; _aNew York : _bCambridge University Press, _c1984. |
||
| 300 |
_axviii, 363 p. : _bill. ; _c24 cm. |
||
| 504 | _aIncludes bibliographies and index. | ||
| 650 | 0 |
_aMedical technology _zUnited States _xEvaluation. |
|
| 650 | 0 |
_aMedical care _zUnited States _xEvaluation. |
|
| 700 | 1 | _aReiser, Stanley Joel. | |
| 700 | 1 | _aAnbar, Michael. | |
| 906 |
_a7 _bcbc _corignew _d1 _eocip _f19 _gy-gencatlg |
||
| 942 |
_2lcc _cBK |
||